000
00292nam a22001217a 4500
008
170614b xxu||||| |||| 00| 0 eng d
041
_a
eng
080
_a
94(4()
100
_a
19
101
_a
SHP
245
_a
RUSSIA AND THE WEST UNDER LENIN AND STALIN
_c
KENNan.g.f
942
_2
udc
_c
BK
999
_c
17311
_d
17311